La adopcion exigencias subjetivas y su problematica actual /

Detalles Bibliográficos
Autor principal: Valles Amores, Maria Luisa
Formato: Desconocido
Lenguaje:español
Publicado: Madrid : Dykinson, 2004
Materias:
Acceso en línea:Acceso restringido

MARC

LEADER 00000ny a22000003n 4500
005 20110628110622.0
006 m u
007 cr cn|||||||||
008 200508r2004 sp |||||s|||||||||||spa d
020 |a 9788497724081 
035 |a 649 
040 |a FlNmELB  |c FlNmELB  |d vLex 
050 1 4 |a KKT609  |b V181 2004eb 
080 |a 347.633 
090 |c 1151  |d 1151 
100 1 |a Valles Amores, Maria Luisa 
245 1 3 |a La adopcion  |h [Recurso electrn̤ico]  |b exigencias subjetivas y su problematica actual /  |c Maria Luisa Valles Amores 
256 |a Servicio en ln̕ea 
260 |a Madrid :  |b Dykinson,  |c 2004 
300 |a [7]-410 p 
506 1 |a Contenido solo disponible en los productos indicados  |d vLex Global  |d vLex Global (Academic Edition, excluding Law Schools)  |d vLex Global (U.S. Academic Edition, Law Schools)  |d vLex Global (U.S. Academic Edition, excluding Law Schools)  |d vLex Global (Academic Edition, Law Schools) 
650 0 7 |2 Tesauro vLex  |a Adopcin̤ 
650 0 7 |2 Tesauro vLex  |a Familia 
650 0 7 |2 Tesauro vLex  |a Capacidad especial para adoptar 
740 0 |a vLex Libros (Servicios en ln̕ea) 
856 4 0 |z Acceso restringido  |u http://vlex.com/source/649 
942 |c BOOK